00425nam a22001097a 4500040000900000082001200009100001700021110004000038245016200078260004400240650003100284 cNUST a200 THE aAhmad Hassan aSupervisor Dr. Muhammad Usman Akram aTH-SOF-1989-Analysis of Multimodal Representation Learning Across Medical Images and Reports Generation Using Multiple Vision and Language Pre-Trained Models aISLAMABAD:bNUST COLLEGE OF EME,c2022. aMS-COMPUTER ENGINEERING-19